Afro-Asian Short Stories/ (Record no. 190608)

MARC details
000 -LEADER
fixed length control field 00419nam a22001697a 4500
005 - DATE AND TIME OF LATEST TRANSACTION
control field 20220729151753.0
010 ## - LCCN (DPL NO)
LC control number ENG-134098
020 ## - INTERNATIONAL STANDARD BOOK NUMBER
Terms of availability 145.00
International Standard Book Number 9789380005300
035 ## - SYSTEM CONTROL NUMBER
System control number EN-117630
037 ## - SOURCE OF ACQUISITION
Source of stock number/acquisition DBAD/PUB
082 ## - DEWEY DECIMAL CLASSIFICATION NUMBER
Classification number S
245 ## - TITLE STATEMENT
Title Afro-Asian Short Stories/
260 ## - PUBLICATION, DISTRIBUTION, ETC. (IMPRINT)
Place of publication, distribution, etc Noida
Name of publisher, distributor, etc Maple Press
Date of publication, distribution, etc 2009
270 ## - ADDRESS
Address H-205,Sector-63,
City Noida
Postal code 201307
300 ## - PHYSICAL DESCRIPTION
Extent 408p.
Dimensions 18cm(pbk)
942 ## - ADDED ENTRY ELEMENTS (KOHA)
Source of classification or shelving scheme Dewey Decimal Classification
Item type English Books
Classification part S
Call number suffix AFR
Holdings
Withdrawn status Lost status Not for loan Collection code Home library Current library Date acquired Source of acquisition Cost, normal purchase price Full call number Barcode Copy number Cost, replacement price Koha item type
    Not For Loan Fiction D.B.Act.Division D.B.Act.Division 29/07/2022 DBAD/PUB 145.00 S AFR EN-117630 1 145.00 English Books

© Delhi Public Library
Hit Counter
free hit counter